Crossing Borders - Asia - Statistics

General Stats
  • This quiz has been taken 26 times
    20 since last reset
  • The average score is 16 of 20
Answer Stats
Hint Country % Correct
The most populous country in the world India
100%
Changed its capital to Naypyidaw Myanmar
100%
Bangkok is its capital Thailand
100%
Has a white dragon on its flag Bhutan
94%
Had a civil war to bring communism into power China
94%
Contains most of the land of the Persian Empire Iran
94%
Annexed Crimea in 2014 Russia
94%
Owns Java Indonesia
88%
Invaded Kuwait, starting the Gulf War Iraq
88%
Has nuclear weapons Pakistan
81%
Is partially in the Balkans Turkey
81%
Was the first "Stan" country to leave the Soviet Union Uzbekistan
81%
Its capital is Bishkek Kyrgyzstan
75%
Has 14 stripes on its flag Malaysia
75%
Was the last to leave the Soviet Union Kazakhstan
69%
Was a Portuguese Colony Timor Leste
69%
Was invaded in 2008 Georgia
63%
Has a crescent and five stars on its seal Turkmenistan
63%
Has a crown on its flag Tajikistan
50%
Is the only country with a black and white flag Afghanistan
38%
No matching quizzes found
Score Distribution
Percent of People with Each Score
Percentile by Number Answered
Your Score History
You have not taken this quiz since the last reset